[Event "Arica op 8th"]
[Site "Arica"]
[Date "2022.12.16"]
[Round "1"]
[White "Henriquez Villagra, Cristobal"]
[Black "Vega Paucar, Emely Bachellet"]
[Result "1-0"]
[WhiteElo "2587"]
[BlackElo "1781"]
[PlyCount "51"]
[EventDate "2022.12.16"]
[EventType "swiss"]
[EventRounds "10"]
[EventCountry "CHI"]
[SourceTitle "CBM 212 Extra"]
[Source "ChessBase"]
[SourceDate "2023.03.31"]
[SourceVersion "1"]
[SourceVersionDate "2023.03.31"]
[SourceQuality "1"]

1. e4 c5 2. Nf3 d6 3. Bb5+ Bd7 4. a4 Nc6 5. 0-0 Nf6 6. Re1 e6 7. c3 a6 8. Bf1 Be7 9. d4 cxd4 10. cxd4 0-0 11. Nc3 Rc8 12. h3 Re8 13. Bg5 Na5 14. Bd3 Nc4 15. Qe2 b5 16. axb5 axb5 17. b3 Na5 18. Nxb5 Nxb3 19. Ra3 Na5 20. Rea1 Nc6 21. e5 dxe5 22. dxe5 Nxe5 23. Nxe5 Bxa3 24. Rxa3 Bc6 25. Na7 Qd7 26. Ra6 1-0

[Event "Pan American-ch Hybrid U16 Girls 31st"]
[Site "Tornelo INT"]
[Date "2021.09.04"]
[Round "1"]
[White "Jimenez Salas, Maria Teresa"]
[Black "Vega Paucar, Emely Bachellet"]
[Result "1-0"]
[WhiteElo "1468"]
[BlackElo "1861"]
[PlyCount "95"]
[EventDate "2021.09.04"]
[EventType "swiss"]
[EventRounds "9"]
[EventCountry "NET"]
[SourceTitle "EXT 2023"]
[Source "ChessBase"]
[SourceDate "2022.10.05"]
[SourceVersion "1"]
[SourceVersionDate "2022.10.05"]
[SourceQuality "1"]

1. e4 c5 2. Nf3 d6 3. d4 cxd4 4. Nxd4 Nf6 5. f3 e5 6. Nb3 d5 7. Bg5 d4 8. c3 Nc6 9. Bb5 Qb6 10. Bxc6+ bxc6 11. cxd4 Ba6 12. Na3 Bb4+ 13. Bd2 Rd8 14. Bxb4 Qxb4+ 15. Qd2 Qb6 16. Qa5 exd4 17. Qe5+ Kf8 18. Qc5+ Kg8 19. Rc1 Qb8 20. Qxc6 Qb4+ 21. Kf2 Bb7 22. Qc5 Qxc5 23. Nxc5 Bc8 24. Rhd1 g6 25. Rc4 Kg7 26. Rcxd4 Rde8 27. Nb5 Re5 28. b4 Re7 29. Rd8 Rxd8 30. Rxd8 Be6 31. Nxe6+ Rxe6 32. Rd6 Re7 33. a4 Nd7 34. Ra6 Ne5 35. Rxa7 Rxa7 36. Nxa7 Nd3+ 37. Ke3 Nxb4 38. Kd4 Kf6 39. a5 Ke6 40. Kc4 Na6 41. Nc6 Kd6 42. Nb4 Nc7 43. a6 g5 44. a7 h5 45. Nd5 Na8 46. Kb5 h4 47. Nb6 Nc7+ 48. Kc4 1-0

[Event "Pan American-ch Hybrid U16 Girls 31st"]
[Site "Tornelo INT"]
[Date "2021.09.04"]
[Round "6"]
[White "Vega Paucar, Emely Bachellet"]
[Black "Oviedo Acosta, Paula"]
[Result "1-0"]
[WhiteElo "1861"]
[BlackElo "1637"]
[PlyCount "101"]
[EventDate "2021.09.04"]
[EventType "swiss"]
[EventRounds "9"]
[EventCountry "NET"]
[SourceTitle "EXT 2023"]
[Source "ChessBase"]
[SourceDate "2022.10.05"]
[SourceVersion "1"]
[SourceVersionDate "2022.10.05"]
[SourceQuality "1"]

1. e4 c5 2. Nf3 e6 3. d4 cxd4 4. Nxd4 a6 5. Bd3 Bc5 6. Nb3 Be7 7. Qg4 g6 8. Qe2 d6 9. 0-0 Nf6 10. Bh6 Nbd7 11. a4 Qc7 12. a5 Ne5 13. N1d2 Neg4 14. Bg7 Rg8 15. Bxf6 Nxf6 16. c4 Bd7 17. f4 Bc6 18. Nf3 Rd8 19. Rfc1 h5 20. Nbd2 Ng4 21. h3 Nf6 22. b4 d5 23. cxd5 exd5 24. e5 Nh7 25. Rab1 Nf8 26. Nd4 Ne6 27. Nxe6 fxe6 28. Nf3 Qd7 29. Nd4 Rc8 30. Qc2 g5 31. Bg6+ Kf8 32. f5 Kg7 33. Nxe6+ Kh6 34. Nd4 Ba4 35. Qe2 g4 36. hxg4 Bg5 37. Rxc8 Qxc8 38. Nf3 Bb5 39. Qf2 Qc3 40. Nxg5 Kxg5 41. g3 Qxe5 42. gxh5 Bd3 43. Qd2+ Kg4 44. Qxd3 Qxg3+ 45. Qxg3+ Kxg3 46. h6 Kf4 47. h7 Rh8 48. Re1 Rc8 49. Re8 Rc1+ 50. Kf2 Rc2+ 51. Ke1 1-0

[Event "ECU Clasif1 U20"]
[Site "Chess.com INT"]
[Date "2020.12.17"]
[Round "5"]
[White "Vega Paucar, Emely Bachellet"]
[Black "Reyes Zavaleta, Diego Alexander"]
[Result "0-1"]
[WhiteElo "1861"]
[BlackElo "1678"]
[PlyCount "87"]
[EventDate "2020.12.17"]
[EventType "swiss"]
[EventRounds "9"]
[EventCountry "ECU"]
[SourceTitle "EXT 2022"]
[Source "ChessBase"]
[SourceDate "2021.10.06"]
[SourceVersion "1"]
[SourceVersionDate "2021.10.06"]
[SourceQuality "1"]

1. e4 c5 2. Nf3 e6 3. d4 cxd4 4. Nxd4 Nc6 5. Nxc6 bxc6 6. Bd3 Nf6 7. 0-0 d5 8. Qe2 Be7 9. c4 0-0 10. Nd2 Bb7 11. b3 c5 12. Bb2 d4 13. e5 Nd7 14. Rfe1 Qc7 15. f4 a5 16. Nf3 a4 17. Bc2 axb3 18. axb3 Rxa1 19. Rxa1 Ra8 20. Rxa8+ Bxa8 21. Be4 Qa7 22. Bxa8 Qxa8 23. g3 Qa2 24. Qc2 h6 25. Nd2 Nb8 26. Kf2 Nc6 27. Qb1 Qa5 28. Ne4 Nb4 29. Bc1 Qa8 30. Bd2 Nc6 31. Ke2 Qd8 32. Kd3 Qb6 33. Ke2 Nb4 34. Bxb4 Qxb4 35. Qd3 Qa3 36. Qc2 Qb4 37. Qd3 Qa3 38. Qc2 Qa1 39. Nf2 Qg1 40. Kf3 Qxh2 41. Qb1 Qh5+ 42. g4 Qh2 43. Qe4 Bh4 44. Qe1 0-1

[Event "Nonalaya Ricardo Online op"]
[Site "Chess.com INT"]
[Date "2020.07.19"]
[Round "3"]
[White "Vega Paucar, Emely Bachellet"]
[Black "Larico Flores, Eduardo"]
[Result "1-0"]
[WhiteElo "1861"]
[BlackElo "1468"]
[PlyCount "31"]
[EventDate "2020.07.19"]
[EventType "swiss (blitz)"]
[EventRounds "9"]
[EventCountry "PER"]
[SourceTitle "CBM 197 Extra"]
[Source "ChessBase"]
[SourceDate "2020.09.30"]
[SourceVersion "1"]
[SourceVersionDate "2020.09.30"]
[SourceQuality "1"]

1. e4 c5 2. Nf3 d6 3. d4 cxd4 4. Nxd4 Nf6 5. Nc3 a6 6. Be3 e5 7. Nb3 Be7 8. f3 0-0 9. Qd2 Be6 10. 0-0-0 Nc6 11. g4 b5 12. Kb1 Rc8 13. h4 Na5 14. Nxa5 Qxa5 15. Nd5 Bxd5 16. Qxa5 1-0

[Event "Nonalaya Ricardo Online op"]
[Site "Chess.com INT"]
[Date "2020.07.19"]
[Round "4"]
[White "Vega Paucar, Emely Bachellet"]
[Black "Vera Siguenas, Deivy Anthoni"]
[Result "0-1"]
[WhiteElo "1861"]
[BlackElo "2503"]
[PlyCount "84"]
[EventDate "2020.07.19"]
[EventType "swiss (blitz)"]
[EventRounds "9"]
[EventCountry "PER"]
[SourceTitle "CBM 197 Extra"]
[Source "ChessBase"]
[SourceDate "2020.09.30"]
[SourceVersion "1"]
[SourceVersionDate "2020.09.30"]
[SourceQuality "1"]

1. e4 c5 2. Nf3 d6 3. d4 cxd4 4. Nxd4 Nf6 5. Nc3 Nc6 6. Bg5 e6 7. Qd2 a6 8. 0-0-0 Bd7 9. f4 h6 10. Bh4 Nxe4 11. Nxe4 Qxh4 12. Nxc6 Bxc6 13. Nxd6+ Bxd6 14. Qxd6 Rd8 15. Qxd8+ Qxd8 16. Rxd8+ Kxd8 17. Bc4 g5 18. Rd1+ Ke7 19. g3 Rg8 20. Rf1 Be4 21. Kd2 Rd8+ 22. Kc1 Rc8 23. Bb3 b5 24. c3 b4 25. Kd2 bxc3+ 26. bxc3 Bg2 27. Rf2 Be4 28. Ke3 Bf5 29. Kd4 Rd8+ 30. Kc5 Rc8+ 31. Kb4 a5+ 32. Kxa5 Rxc3 33. Kb4 Rc8 34. a4 Rb8+ 35. Ka3 Be4 36. Re2 f5 37. fxg5 hxg5 38. g4 Kf6 39. gxf5 exf5 40. Bc2 Bd5 41. Rd2 Ke5 42. a5 f4 0-1

[Event "Nonalaya Ricardo Online op"]
[Site "Chess.com INT"]
[Date "2020.07.19"]
[Round "1"]
[White "Vega Paucar, Emely Bachellet"]
[Black "Zapata, Karen"]
[Result "1-0"]
[WhiteElo "1861"]
[BlackElo "2108"]
[PlyCount "109"]
[EventDate "2020.07.19"]
[EventType "swiss (blitz)"]
[EventRounds "9"]
[EventCountry "PER"]
[SourceTitle "CBM 197 Extra"]
[Source "ChessBase"]
[SourceDate "2020.09.30"]
[SourceVersion "1"]
[SourceVersionDate "2020.09.30"]
[SourceQuality "1"]

1. e4 d6 2. d4 g6 3. Nc3 Bg7 4. f4 Nd7 5. Nf3 c5 6. d5 a6 7. a4 Qc7 8. a5 b6 9. axb6 Nxb6 10. Be2 Nf6 11. 0-0 0-0 12. h3 Bb7 13. Be3 e6 14. dxe6 fxe6 15. e5 dxe5 16. Nxe5 Nfd5 17. Nxd5 exd5 18. Qe1 d4 19. Bd2 Rae8 20. Ba5 Bxe5 21. fxe5 Kg7 22. Qg3 Bd5 23. Rf6 Qb7 24. Rxb6 Qe7 25. Rf1 Qxe5 26. Qxe5+ Rxe5 27. Rxf8 Kxf8 28. Bf3 Bxf3 29. Rf6+ Ke7 30. Rxf3 c4 31. Bb4+ Ke6 32. Rf2 Kd5 33. Rf1 d3 34. cxd3 cxd3 35. Bc3 Kc4 36. Bxe5 Kb3 37. Bc3 Kc2 38. Kf2 g5 39. Ke3 h5 40. Rf2+ Kb3 41. Kxd3 a5 42. Rf8 a4 43. Rb8+ Ka2 44. Kc2 a3 45. bxa3 g4 46. Rb2+ Kxa3 47. Be5 gxh3 48. Bd6+ Ka4 49. gxh3 h4 50. Bh2 Ka5 51. Kc3 Ka4 52. Kc4 Ka3 53. Rb6 Ka2 54. Be5 Ka3 55. Ra6# 1-0

[Event "Pan American-ch U14 Girls"]
[Site "Guayaquil"]
[Date "2019.07.26"]
[Round "8"]
[White "Vega Paucar, Emely Bachellet"]
[Black "Francisco Guecamburu, Candela Be"]
[Result "0-1"]
[WhiteElo "1700"]
[BlackElo "1809"]
[PlyCount "62"]
[EventDate "2019.07.21"]
[EventType "swiss"]
[EventRounds "9"]
[EventCountry "ECU"]
[SourceTitle "EXT 2020"]
[Source "ChessBase"]
[SourceDate "2019.10.17"]
[SourceVersion "1"]
[SourceVersionDate "2019.10.17"]
[SourceQuality "1"]

1. e4 c5 2. Nf3 g6 3. d4 cxd4 4. Nxd4 Bg7 5. c4 Nc6 6. Be3 Nf6 7. Nc3 d6 8. Be2 0-0 9. 0-0 Bd7 10. Qd2 Nxd4 11. Bxd4 Bc6 12. f3 a5 13. Kh1 Nd7 14. Bxg7 Kxg7 15. f4 Qb6 16. Rae1 Qc5 17. Rf3 Rh8 18. Re3 Rad8 19. Nd5 e6 20. Qc3+ f6 21. Nc7 Nf8 22. Nb5 Bxb5 23. cxb5 Nd7 24. Qd2 Qb6 25. Bc4 Rhe8 26. Rh3 Nf8 27. f5 exf5 28. Qh6+ Kh8 29. Bf7 Qf2 30. Rg1 Rxe4 31. Bxg6 Re1 0-1

[Event "Pan American-ch U12 Girls"]
[Site "Santiago de Chile"]
[Date "2018.07.23"]
[Round "2"]
[White "Maldonado Polo, Mariangeli"]
[Black "Vega Paucar, Emely Bachellet"]
[Result "0-1"]
[WhiteElo "1294"]
[BlackElo "1555"]
[PlyCount "76"]
[EventDate "2018.07.22"]
[EventType "swiss"]
[EventRounds "9"]
[EventCountry "CHI"]
[SourceTitle "EXT 2022"]
[Source "ChessBase"]
[SourceDate "2021.10.06"]
[SourceVersion "1"]
[SourceVersionDate "2021.10.06"]
[SourceQuality "1"]

1. e4 c5 2. Nf3 d6 3. d4 cxd4 4. Nxd4 Nf6 5. Nc3 g6 6. Be2 Bg7 7. 0-0 0-0 8. Bg5 Nc6 9. Bb5 Bd7 10. Re1 h6 11. Bh4 Nxd4 12. Bxd7 Nxd7 13. Nd5 Nc6 14. Rb1 Nb6 15. Nc3 Rc8 16. Qd2 Nc4 17. Qe2 Nxb2 18. Nd5 Na4 19. Rxb7 g5 20. Bg3 e6 21. Ne3 Nc5 22. Rbb1 Nxe4 23. Qf3 Nd2 24. Qd1 Nxb1 25. Qxb1 d5 26. Rd1 Qb6 27. Qc1 Qb2 28. Qxb2 Bxb2 29. Rb1 Be5 30. Bxe5 Nxe5 31. Rb7 d4 32. Nd1 Rxc2 33. Rxa7 Rc1 34. f3 Rfc8 35. h3 R8c2 36. Kh2 Rxd1 37. Ra8+ Kg7 38. Kg3 Rdd2 0-1

[Event "Pan American-ch U12 Girls"]
[Site "Santiago de Chile"]
[Date "2018.07.22"]
[Round "1"]
[White "Vega Paucar, Emely Bachellet"]
[Black "Umpierrez, Melina"]
[Result "1-0"]
[WhiteElo "1555"]
[BlackElo "1079"]
[PlyCount "61"]
[EventDate "2018.07.22"]
[EventType "swiss"]
[EventRounds "9"]
[EventCountry "CHI"]
[SourceTitle "EXT 2022"]
[Source "ChessBase"]
[SourceDate "2021.10.06"]
[SourceVersion "1"]
[SourceVersionDate "2021.10.06"]
[SourceQuality "1"]

1. e4 c6 2. d4 d5 3. e5 Bf5 4. g4 Bg6 5. e6 Qd6 6. exf7+ Bxf7 7. f4 Nd7 8. Nf3 0-0-0 9. Nc3 e6 10. Be3 Ne7 11. Qd2 Kb8 12. 0-0-0 Nc8 13. f5 Be7 14. Bf4 e5 15. Nxe5 Ka8 16. Nxf7 Qf6 17. Nxh8 Rxh8 18. Bg2 Ncb6 19. Rhf1 Re8 20. Rde1 Nc4 21. Qd3 Rd8 22. Bxd5 Ncb6 23. Be6 Nc5 24. Qe3 Qxd4 25. Qxd4 Rxd4 26. Rd1 Rd8 27. Rxd8+ Bxd8 28. Be3 Na6 29. Rd1 Bc7 30. h3 Nc4 31. Bxc4 1-0

[Event "Lima Surco op 4th"]
[Site "Lima"]
[Date "2017.10.15"]
[Round "2"]
[White "Vega Paucar, Emely Bachellet"]
[Black "Delgado Romero, Marco"]
[Result "0-1"]
[WhiteElo "1443"]
[BlackElo "2218"]
[PlyCount "46"]
[EventDate "2017.10.15"]
[EventType "swiss"]
[EventRounds "7"]
[EventCountry "PER"]
[SourceTitle "EXT 2019"]
[Source "ChessBase"]
[SourceDate "2018.10.10"]
[SourceVersion "1"]
[SourceVersionDate "2018.10.10"]
[SourceQuality "1"]

1. e4 g6 2. d4 Bg7 3. Nc3 c6 4. Bc4 d5 5. exd5 b5 6. Be2 b4 7. Nb1 cxd5 8. Nf3 Nf6 9. Bf4 0-0 10. 0-0 Nc6 11. Nbd2 h6 12. Nb3 Bf5 13. Nc5 Ne4 14. Nb3 Qb6 15. h3 a5 16. a4 bxa3 17. Rxa3 Bd7 18. Qc1 g5 19. Be3 f5 20. Nc5 Nxc5 21. dxc5 Qxb2 22. Rb3 Qxc1 23. Bxc1 Rfb8 0-1